[Event "AUTO-INT-999"]
[Site "http://www.queenalice.com/game.php?id=447059"]
[Date "2008.8.11"]
[Round "1"]
[White "Zendrix"]
[Black "limovsksan"]
[Result "0-1"]
[WhiteElo "1577"]
[BlackElo "1299"]

1. e4 e5 2. f4 d6 3. Bc4 Nf6 4. fxe5 dxe5 5. d3 h6 6. Nf3 Bd6 7. Be3 Qe7 8. O-O
Ng4 9. Qe2 Nxe3 10. Qxe3 Bc5 11. d4 exd4 12. Nxd4 O-O 13. Kh1 Bxd4 14. Qxd4 Nc6
15. Qe3 Nb4 16. Na3 Be6 17. Bxe6 Qxe6 18. Rad1 Qxa2 19. e5 c6 20. c3 Nd5 21. Qg3
Qxb2 22. c4 Nc3 23. Ra1 Ne4 24. Qe3 Qxe5 25. Nc2 Rfe8 26. Qf3 Ng5 27. Qf2 Qe2
28. Qxe2 Rxe2 29. Nd4 Rd2 30. Nf5 Re8 31. Rxa7 b5 32. cxb5 cxb5 33. Rb7 Rb2 34.
h4 Ne4 35. Kh2 Kf8 36. Ng3 Nxg3 37. Kxg3 f6 38. h5 Re3+ 39. Kf4 Re5 40. g4 Rb4+
41. Kg3 Re3+ 42. Kh4 Rbb3 43. Rb8+ Re8 44. Re1 Rxb8 0-1

[Event "AUTO-OPEN-1226"]
[Site "http://www.queenalice.com/game.php?id=447082"]
[Date "2008.8.11"]
[Round "1"]
[White "paulorobson"]
[Black "Zendrix"]
[Result "1-0"]
[WhiteElo "1400"]
[BlackElo "1615"]

1. e4 e5 2. Nf3 d6 3. d4 exd4 4. Nxd4 c5 5. Nb5 a6 6. N5c3 h6 7. Bc4 Nf6 8. Bf4
Qe7 9. Nd2 b5 10. Be2 b4 11. Nd5 Nxd5 12. exd5 g5 13. Bg3 Bg4 14. f3 1-0

[Event "AUTO-OPEN-1226"]
[Site "http://www.queenalice.com/game.php?id=447083"]
[Date "2008.8.11"]
[Round "1"]
[White "Zendrix"]
[Black "paulorobson"]
[Result "0-1"]
[WhiteElo "1642"]
[BlackElo "1373"]

1. e4 Nf6 2. e5 Nd5 3. c4 Nb6 4. d4 d6 5. exd6 cxd6 6. h3 Nc6 7. d5 Ne5 8. b3 g6
9. a4 Bg7 10. Ra2 O-O 11. a5 Nbd7 12. Be2 Nc5 13. Nf3 Bf5 14. Nxe5 Bxe5 0-1

[Event "AUTO-OPEN-1226"]
[Site "http://www.queenalice.com/game.php?id=447107"]
[Date "2008.8.11"]
[Round "1"]
[White "Zendrix"]
[Black "cardiloso"]
[Result "1-0"]
[WhiteElo "1630"]
[BlackElo "1647"]

1. e4 e5 2. Nf3 Nc6 3. a3 Bc5 4. Nc3 d6 5. h3 Nf6 6. Bc4 O-O 7. O-O Nd4 8. b4
Nxf3+ 9. Qxf3 Bd4 10. Bb2 Be6 11. Bd3 Re8 12. Rae1 Qd7 13. b5 c5 14. bxc6 bxc6
15. Ba1 a6 16. Ne2 Bb6 17. c3 d5 18. exd5 Bxd5 19. Bxh7+ Nxh7 20. Qg3 Qf5 21.
Nc1 f6 22. d3 Ng5 23. c4 Be6 24. h4 Nf7 25. Kh1 Rad8 26. f4 Bd4 27. fxe5 Qg4 28.
Qxg4 Bxg4 29. Bxd4 Rxd4 30. e6 1-0

[Event "AUTO-OPEN-1226"]
[Site "http://www.queenalice.com/game.php?id=447120"]
[Date "2008.8.11"]
[Round "1"]
[White "rodrigohuii"]
[Black "Zendrix"]
[Result "0-1"]
[WhiteElo "1621"]
[BlackElo "1539"]

1. e4 e5 2. f4 exf4 3. Nf3 d6 4. Bc4 Qe7 5. O-O Bg4 6. Bxf7+ Qxf7 7. Ng5 Qh5 8.
Nf3 Nc6 9. d4 O-O-O 10. Bxf4 g5 11. Bg3 Bxf3 12. Qxf3 Qxf3 13. Rxf3 Nxd4 14. Rf2
Bg7 15. Nc3 Nh6 16. Nd5 Ng4 17. Rf7 Ne2+ 18. Kf1 Nxg3+ 19. hxg3 Bd4 20. Rxc7+
Kb8 21. Rc4 Ne3+ 22. Nxe3 Bxe3 23. Ke2 Bb6 24. a4 a5 25. b4 axb4 26. Rxb4 Ba7
27. a5 Rhf8 28. Rab1 Ka8 29. Rxb7 h5 30. Rh7 Rde8 31. Kd3 Rf2 32. Rxh5 Rxg2 33.
Rh7 Rxg3+ 0-1

[Event "AUTO-OPEN-1226"]
[Site "http://www.queenalice.com/game.php?id=447121"]
[Date "2008.8.11"]
[Round "1"]
[White "Zendrix"]
[Black "rodrigohuii"]
[Result "0-1"]
[WhiteElo "1678"]
[BlackElo "1819"]

1. e4 e5 2. Nf3 Nf6 3. d3 Bc5 4. Nxe5 Nc6 5. Nxc6 dxc6 6. Be2 b5 7. O-O O-O 8.
b4 Bb6 9. Bb2 Be6 10. a4 a6 11. a5 Bd4 12. Bxd4 Qxd4 13. c3 Qd7 14. Nd2 Rad8 15.
h3 Bxh3 16. gxh3 Qxh3 17. d4 Qxc3 18. Nf3 Nxe4 19. Qd3 Qxd3 20. Bxd3 f5 21. Bc2
Rf6 22. Bb3+ Kh8 23. Rac1 Rdd6 24. Rfd1 Rh6 25. Kf1 Rdg6 26. Ke2 Rg2 27. Ne5
Rxf2+ 28. Kd3 Rh3+ 29. Nf3 Rhxf3# 0-1

[Event "AUTO-INT-1011"]
[Site "http://www.queenalice.com/game.php?id=452326"]
[Date "2008.8.23"]
[Round "1"]
[White "Zendrix"]
[Black "xSmashOrBeSmashedx"]
[Result "0-1"]
[WhiteElo "1647"]
[BlackElo "1767"]

1. e4 c5 2. d4 cxd4 3. Qxd4 Nc6 4. Qc3 e6 5. Nf3 Bb4 6. Qxb4 Nxb4 7. Na3 Qa5 8.
Bd2 Nf6 9. Bd3 d5 10. exd5 Nfxd5 11. O-O O-O 12. Nc4 Qc7 13. Bxb4 Nxb4 14. Nce5
Nxd3 15. cxd3 b6 16. Rac1 Qd6 17. d4 Bb7 18. Nc4 Qf4 19. Nfe5 Qxd4 20. Rfd1 Qf4
21. Nd3 Qg5 22. g3 Qd5 23. Nf4 Qh1# 0-1

[Event "AUTO-INT-1011"]
[Site "http://www.queenalice.com/game.php?id=452327"]
[Date "2008.8.23"]
[Round "1"]
[White "xSmashOrBeSmashedx"]
[Black "Zendrix"]
[Result "0-1"]
[WhiteElo "1738"]
[BlackElo "1659"]

1. e4 e5 2. d4 exd4 3. c3 dxc3 4. Nxc3 Bb4 5. Qb3 Qe7 6. f3 d5 7. Qxd5 Nf6 8.
Qb3 O-O 9. Bg5 Nbd7 10. Bc4 c6 11. f4 Bxc3+ 12. Qxc3 Qxe4+ 13. Ne2 Ng4 14. O-O
Ne3 15. Bxf7+ Rxf7 16. Rf3 Nd5 17. Qe1 N7b6 18. Rd1 Bg4 19. Rf2 Ne3 20. Rd4 Nc2
21. Qd2 Nxd4 22. Nxd4 Nc4 23. Qb4 Qxd4 24. b3 a5 25. Qe1 Re8 26. Qxe8+ Rf8 27.
Qe6+ Bxe6 28. bxc4 Qxc4 29. g3 Qe4 30. Be7 Re8 31. Bc5 Bd5 0-1

[Event "AUTO-INT-1011"]
[Site "http://www.queenalice.com/game.php?id=452328"]
[Date "2008.8.23"]
[Round "1"]
[White "Zendrix"]
[Black "Nederburg"]
[Result "0-1"]
[WhiteElo "1620"]
[BlackElo "1646"]

1. e4 e5 2. Nf3 Nc6 3. Bc4 Nf6 4. Ng5 Qe7 5. Bxf7+ Qxf7 6. Nxf7 Kxf7 7. O-O Nxe4
8. Qf3+ Nf6 9. d3 Nd4 10. Qd1 Bd6 11. c3 Ne6 12. b4 Rf8 13. g3 b6 14. Qf3 c6 15.
g4 g5 16. b5 Bb7 17. Nd2 Ke7 18. a4 Nd5 19. Qh3 Rh8 20. Ne4 Raf8 21. Nxd6 Kxd6
22. Ba3+ c5 23. d4 Ndf4 24. dxe5+ Kc7 25. Qe3 h5 26. gxh5 Rxh5 27. Qd2 Nh3# 0-1

[Event "AUTO-INT-1011"]
[Site "http://www.queenalice.com/game.php?id=452329"]
[Date "2008.8.23"]
[Round "1"]
[White "Nederburg"]
[Black "Zendrix"]
[Result "1/2-1/2"]
[WhiteElo "1649"]
[BlackElo "1617"]

1. e4 e5 2. Nf3 Nc6 3. d4 exd4 4. Nxd4 Qf6 5. Nxc6 bxc6 6. Nc3 Bb4 7. Bd2 d6 8.
Qf3 Qxf3 9. gxf3 Nf6 10. O-O-O O-O 11. a3 Bc5 12. Be3 Bxe3+ 13. fxe3 Re8 14. Rg1
d5 15. Bg2 dxe4 16. fxe4 Ng4 17. Rd3 Ne5 18. Rdd1 Bg4 19. Rd2 Bf3 20. Rf2 Bxg2
21. Rgxg2 Rad8 22. h3 1/2-1/2

[Event "AUTO-OPEN-1238"]
[Site "http://www.queenalice.com/game.php?id=452549"]
[Date "2008.8.23"]
[Round "1"]
[White "Zendrix"]
[Black "TORNADO"]
[Result "0-1"]
[WhiteElo "1590"]
[BlackElo "1583"]

1. e4 e5 2. Nf3 d6 3. h3 Nf6 4. Nc3 c6 5. d4 exd4 6. Nxd4 d5 7. e5 Ne4 8. Bd3
Nxc3 9. bxc3 Be6 10. O-O Bc5 11. Nb3 d4 12. Nxc5 O-O 13. Nxb7 Qc7 14. Nd6 Nd7
15. Ne4 Qxe5 16. Ng5 h6 17. Nf3 Qd6 18. cxd4 Rfe8 19. c4 c5 20. dxc5 Qxc5 21.
Be3 Qc7 22. Rb1 Nb6 0-1

[Event "AUTO-OPEN-1238"]
[Site "http://www.queenalice.com/game.php?id=452550"]
[Date "2008.8.23"]
[Round "1"]
[White "TORNADO"]
[Black "Zendrix"]
[Result "0-1"]
[WhiteElo "1517"]
[BlackElo "1646"]

1. d4 d5 2. e3 a6 3. Nc3 Nf6 4. f3 Nc6 5. e4 dxe4 6. Nxe4 Nxe4 7. fxe4 e6 8. Be3
Be7 9. Qg4 e5 10. d5 Bxg4 0-1

[Event "AUTO-OPEN-1238"]
[Site "http://www.queenalice.com/game.php?id=452551"]
[Date "2008.8.23"]
[Round "1"]
[White "Zendrix"]
[Black "zolaweed"]
[Result "0-1"]
[WhiteElo "1653"]
[BlackElo "1733"]

1. e4 c5 2. Bc4 e6 3. Nc3 a6 4. a4 Bd6 5. Nf3 Ne7 6. O-O O-O 7. e5 Bc7 8. Re1
Nbc6 9. b3 Ng6 10. d3 Ncxe5 11. Nxe5 Nxe5 12. d4 cxd4 13. Qxd4 f6 14. Be2 d5 15.
b4 Bb6 16. Qh4 Qc7 17. Bd2 Ng6 18. Qh3 Bd7 19. a5 Bd4 20. Ra3 b5 21. axb6 Bxb6
22. b5 Qd6 23. Raa1 a5 24. Ra4 e5 25. Qh5 Qc5 26. Bf3 Qxf2+ 0-1

[Event "AUTO-OPEN-1238"]
[Site "http://www.queenalice.com/game.php?id=452552"]
[Date "2008.8.23"]
[Round "1"]
[White "zolaweed"]
[Black "Zendrix"]
[Result "1-0"]
[WhiteElo "1704"]
[BlackElo "1668"]

1. e4 e5 2. Nf3 Nf6 3. d3 h6 4. Be2 d5 5. Nbd2 d4 6. Nxe5 Be6 7. O-O Bd6 8. Ndf3
c5 9. c4 O-O 10. h3 Nc6 11. Nxc6 bxc6 12. e5 Rb8 13. b3 a5 14. exd6 Qxd6 15. Bd2
Qc7 16. Re1 Bd7 17. Qc1 Nh7 18. Bf4 Qb7 19. Bxb8 Qxb8 20. Qa3 Qc8 21. Bf1 Qc7
22. Qxc5 Nf6 23. Qxd4 c5 24. Qc3 Nh5 25. Re4 1-0